Krása krajiny tkvie v jej čistote
Kultúra civilizácie sa posudzuje aj podľa toho, ako sa vie vysporiadať s odpadom. Problém obyvateľstva zapojiť sa do separovaného zberu. Slabá finančná motivácia, príliš vysoké náklady, anonymita zberu a nízke environmentálne vedomie občanov. Recyklácia inšpiruje podnikanie. Palárikovo ako pozitívny...
Salvato in:
| Autore principale: | |
|---|---|
| Natura: | Capitolo di libro |
| Lingua: | slovacco |
| Soggetti: | |
| Tags: |
Nessun Tag, puoi essere il primo ad aggiungerne!!
|
MARC
| LEADER | 00000naa$a2200000$$$4500 | ||
|---|---|---|---|
| 001 | 0083100 | ||
| 005 | 20231016085652.6 | ||
| 041 | 0 | |a slo | |
| 044 | |a SK | ||
| 245 | 1 | 0 | |a Krása krajiny tkvie v jej čistote |c Peter Krútky |
| 520 | |a Kultúra civilizácie sa posudzuje aj podľa toho, ako sa vie vysporiadať s odpadom. Problém obyvateľstva zapojiť sa do separovaného zberu. Slabá finančná motivácia, príliš vysoké náklady, anonymita zberu a nízke environmentálne vedomie občanov. Recyklácia inšpiruje podnikanie. Palárikovo ako pozitívny príklad separovania odpadu. Smernica Európskeho parlamentu o odpadoch zaväzuje členské štáty do roku 2020 recyklovať 50 perc. komunálneho a 70 perc. priemyselného odpadu. | ||
| 610 | 2 | 0 | |a odpad |
| 610 | 2 | 0 | |a likvidácia odpadu |
| 610 | 2 | 0 | |a recyklácia odpadu |
| 610 | 2 | 0 | |a Slovensko |
| 100 | 1 | |a Krútky, Peter | |